000 00628nam a2200241Ia 4500
003 OSt
005 20220924114943.0
006 a|||||r|||| 00| 0
007 ta
008 220923b |||||||| |||| 00| 0 ben d
020 _c20
024 _a296757
037 _cTextual
040 _aARTS
_cARTS
_bben
041 _2ben
_aben
082 _aO157,3N153,23, M5
100 _aBasu Prativa
_9176225
245 0 _aAntonina
260 _aCalcutta
_bDey's Publishing India
_c1985
650 _aBENGALI LITERATURE
942 _hO157,3N153,23, M5
_cTEXL
_2CC
999 _c396140
_d396140